[Event "SVK-chT 2122"]
[Site "Slovakia"]
[Date "2022.05.08"]
[Round "8.2"]
[White "Karas, Marek"]
[Black "Gazik, Igor"]
[Result "1/2-1/2"]
[WhiteElo "2287"]
[BlackElo "2220"]
[PlyCount "75"]
[EventDate "2021.10.23"]
[EventType "team-tourn"]
[EventRounds "11"]
[EventCountry "SVK"]
[SourceTitle "EXT 2023"]
[Source "ChessBase"]
[SourceDate "2022.10.05"]
[SourceVersion "1"]
[SourceVersionDate "2022.10.05"]
[SourceQuality "1"]
[WhiteTeam "Osuske"]
[BlackTeam "Podhajska Aquamarin"]
[WhiteTeamCountry "SVK"]
[BlackTeamCountry "SVK"]

1. d4 Nf6 2. Bf4 g6 3. Nc3 d6 4. e4 Bg7 5. Qd2 0-0 6. Nf3 Bg4 7. Be2 Nbd7 8. Bh6 e5 9. Bxg7 Kxg7 10. 0-0-0 c6 11. h3 Bxf3 12. Bxf3 b5 13. g4 Nb6 14. dxe5 dxe5 15. Qd6 Qxd6 16. Rxd6 Rfc8 17. g5 Ne8 18. Rd3 Kf8 19. Bg4 Rd8 20. Rhd1 Ke7 21. f4 exf4 22. Ne2 Rd6 23. Rxd6 Nxd6 24. Nd4 Kf8 25. e5 Ndc4 26. Nxc6 Re8 27. Rf1 Nxe5 28. Nxa7 Nxg4 29. hxg4 Re5 30. Rxf4 Rxg5 31. Rb4 Nc4 32. b3 Nd6 33. a4 bxa4 34. bxa4 h5 35. gxh5 gxh5 36. Nb5 Ke7 37. Kd2 Rg4 38. Rxg4 1/2-1/2

[Event "SVK-chT 2122"]
[Site "Slovakia"]
[Date "2022.03.13"]
[Round "6.5"]
[White "Zetocha, Claudiu"]
[Black "Gazik, Igor"]
[Result "0-1"]
[WhiteElo "2288"]
[BlackElo "2220"]
[PlyCount "48"]
[EventDate "2021.10.23"]
[EventType "team-tourn"]
[EventRounds "11"]
[EventCountry "SVK"]
[SourceTitle "EXT 2023"]
[Source "ChessBase"]
[SourceDate "2022.10.05"]
[SourceVersion "1"]
[SourceVersionDate "2022.10.05"]
[SourceQuality "1"]
[WhiteTeam "Bratislava Slovan"]
[BlackTeam "Podhajska Aquamarin"]
[WhiteTeamCountry "SVK"]
[BlackTeamCountry "SVK"]

1. d4 Nf6 2. c4 g6 3. Nc3 Bg7 4. Nf3 0-0 5. Bg5 c5 6. d5 Qa5 7. Bd2 d6 8. e4 e6 9. Bd3 Qb6 10. b3 exd5 11. cxd5 Re8 12. 0-0 Na6 13. Rc1 Nb4 14. Bb1 Qa6 15. Ne1 Bd7 16. f3 Rac8 17. Be3 Nh5 18. g4 Nf6 19. Qd2 c4 20. Bd4 h5 21. h3 Nh7 22. Kg2 Be5 23. gxh5 cxb3 24. hxg6 Bxh3+ 0-1

[Event "SVK-chT 1920"]
[Site "Slovakia"]
[Date "2020.09.04"]
[Round "9.7"]
[White "Gazik, Igor"]
[Black "Csonka, Attila Istvan"]
[Result "0-1"]
[WhiteElo "2253"]
[BlackElo "2348"]
[PlyCount "86"]
[EventDate "2019.10.19"]
[EventType "team-tourn"]
[EventRounds "11"]
[EventCountry "SVK"]
[SourceTitle "EXT 2021"]
[Source "ChessBase"]
[SourceDate "2020.10.23"]
[SourceVersion "1"]
[SourceVersionDate "2020.10.23"]
[SourceQuality "1"]
[WhiteTeam "Podhajska Aquamarin"]
[BlackTeam "Dunajska Streda"]
[WhiteTeamCountry "SVK"]
[BlackTeamCountry "SVK"]

1. e4 c6 2. d4 d5 3. Nc3 dxe4 4. Nxe4 Nf6 5. Nxf6+ exf6 6. Ne2 Bd6 7. Bf4 0-0 8. Qd2 Be6 9. h4 Re8 10. h5 Na6 11. h6 g6 12. a3 Bxf4 13. Nxf4 Bg4+ 14. Be2 Re4 15. 0-0-0 Rxf4 16. f3 Bxf3 17. Bxf3 Qd6 18. Rhe1 Nc7 19. Qb4 Qxb4 20. axb4 Kf8 21. b5 Nxb5 22. d5 Nd4 23. dxc6 bxc6 24. Re4 Rxe4 25. Bxe4 Rd8 26. c3 Ne2+ 27. Kc2 Rxd1 28. Kxd1 Ng3 29. Bxc6 Ke7 30. Kc2 Nf5 31. Kd3 Kd6 32. Be8 Nxh6 33. Kc4 f5 34. Kb5 Kc7 35. b4 f4 36. c4 Nf5 37. Ka6 Nd6 38. Bb5 g5 39. Kxa7 g4 40. Ba6 f3 41. gxf3 g3 42. c5 g2 43. cxd6+ Kxd6 0-1

[Event "SVK-ch rapid"]
[Site "Topolcany"]
[Date "2020.07.11"]
[Round "3"]
[White "Chlpik, Martin"]
[Black "Gazik, Igor"]
[Result "0-1"]
[WhiteElo "2066"]
[BlackElo "2262"]
[PlyCount "72"]
[EventDate "2020.07.11"]
[EventType "swiss (rapid)"]
[EventRounds "9"]
[EventCountry "SVK"]
[SourceTitle "CBM 197 Extra"]
[Source "ChessBase"]
[SourceDate "2020.09.30"]
[SourceVersion "1"]
[SourceVersionDate "2020.09.30"]
[SourceQuality "1"]

1. d4 g6 2. e4 Bg7 3. Nc3 d6 4. Be3 c6 5. Qd2 b5 6. Bd3 Nd7 7. f4 e5 8. fxe5 dxe5 9. d5 b4 10. dxc6 bxc3 11. cxd7+ Bxd7 12. Qxc3 Ne7 13. Rd1 Nc6 14. Nf3 0-0 15. 0-0 Rc8 16. Bc5 Nd4 17. Qa3 Re8 18. c3 Nxf3+ 19. Rxf3 Bg4 20. Be2 Qc7 21. Rd5 Bxf3 22. Bxf3 Bf8 23. Bxf8 Rxf8 24. Qa5 f6 25. Bd1 Qxa5 26. Rxa5 Rc7 27. Bb3+ Kg7 28. Bd5 Rb8 29. b3 Rxc3 30. Rxa7+ Kh6 31. a4 Rc2 32. Bc4 Rd8 33. h3 Rdd2 34. Bf1 Rc1 35. Rf7 f5 36. exf5 g5 0-1

[Event "SVK-ch rapid"]
[Site "Topolcany"]
[Date "2020.07.11"]
[Round "8"]
[White "Gazik, Igor"]
[Black "Kapusta, Petr"]
[Result "1-0"]
[WhiteElo "2262"]
[BlackElo "2084"]
[PlyCount "47"]
[EventDate "2020.07.11"]
[EventType "swiss (rapid)"]
[EventRounds "9"]
[EventCountry "SVK"]
[SourceTitle "CBM 197 Extra"]
[Source "ChessBase"]
[SourceDate "2020.09.30"]
[SourceVersion "1"]
[SourceVersionDate "2020.09.30"]
[SourceQuality "1"]

1. d4 Nf6 2. Nf3 g6 3. Nc3 d5 4. Bf4 Bg7 5. Qd2 0-0 6. Bh6 Ne4 7. Qe3 Bf5 8. h4 Nxc3 9. bxc3 Nd7 10. h5 Nf6 11. hxg6 Bxg6 12. Ne5 c5 13. f3 cxd4 14. cxd4 Qa5+ 15. c3 Rac8 16. Rc1 Rc7 17. Nxg6 fxg6 18. Bxg7 Kxg7 19. g3 Rfc8 20. Bh3 Rxc3 21. Qxe7+ Kh6 22. Bxc8+ Nh5 23. Qf8+ Kg5 24. f4+ 1-0

[Event "Baltic Pearl IM 16th"]
[Site "Lazy"]
[Date "2020.07.06"]
[Round "9"]
[White "Ochedzan, Tymon"]
[Black "Gazik, Igor"]
[Result "1-0"]
[WhiteElo "2157"]
[BlackElo "2232"]
[PlyCount "140"]
[EventDate "2020.06.28"]
[EventType "tourn"]
[EventRounds "9"]
[EventCountry "POL"]
[EventCategory "2"]
[SourceTitle "CBM 197 Extra"]
[Source "ChessBase"]
[SourceDate "2020.09.30"]
[SourceVersion "1"]
[SourceVersionDate "2020.09.30"]
[SourceQuality "1"]

1. e4 d6 2. d4 Nf6 3. Nc3 g6 4. Bg5 Bg7 5. Qd2 h6 6. Bf4 g5 7. Be3 Ng4 8. h4 Nxe3 9. Qxe3 g4 10. 0-0-0 c6 11. f4 h5 12. Bd3 Qb6 13. Nge2 e5 14. Bc4 Nd7 15. Kb1 exd4 16. Nxd4 Qc5 17. Bb3 Nb6 18. e5 d5 19. f5 Bh6 20. Qg3 Kf8 21. Nce2 Qe7 22. Nf4 Bxf4 23. Qxf4 f6 24. Rhe1 Bd7 25. Ne6+ Kg8 26. Qd4 Rh6 27. Qf4 Rh7 28. exf6 Qxf6 29. Ng5 Rg7 30. Re5 Rf8 31. Ne4 Qxh4 32. f6 Rg6 33. g3 Rfxf6 34. Nxf6+ Qxf6 35. Qxf6 Rxf6 36. Rxh5 Kg7 37. Rhh1 Rf3 38. Rhg1 Bf5 39. Kc1 Kf6 40. c3 Ke5 41. Rde1+ Be4 42. Bd1 Rf2 43. Re2 Rf7 44. b3 Nd7 45. Kd2 Nc5 46. Rge1 Kd6 47. Rh2 Bf3 48. Bc2 Ne4+ 49. Bxe4 Bxe4 50. Re3 b5 51. b4 a5 52. a3 a4 53. Rh6+ Kd7 54. Ke1 Rf8 55. Rh4 Rg8 56. Kd2 Rg6 57. Re2 c5 58. Reh2 d4 59. Rh7+ Kc6 60. R7h6 dxc3+ 61. Kxc3 cxb4+ 62. Kxb4 Rxh6 63. Rxh6+ Kd5 64. Kxb5 Bc2 65. Rf6 Bd1 66. Rf4 Ke6 67. Rxa4 Bxa4+ 68. Kxa4 Kd5 69. Kb5 Ke4 70. a4 Kd5 1-0

[Event "Baltic Pearl IM 16th"]
[Site "Lazy"]
[Date "2020.07.01"]
[Round "4"]
[White "Gazik, Viktor"]
[Black "Gazik, Igor"]
[Result "1-0"]
[WhiteElo "2502"]
[BlackElo "2232"]
[PlyCount "103"]
[EventDate "2020.06.28"]
[EventType "tourn"]
[EventRounds "9"]
[EventCountry "POL"]
[EventCategory "2"]
[SourceTitle "CBM 197 Extra"]
[Source "ChessBase"]
[SourceDate "2020.09.30"]
[SourceVersion "1"]
[SourceVersionDate "2020.09.30"]
[SourceQuality "1"]

1. d4 d5 2. c4 dxc4 3. e4 Nf6 4. e5 Nd5 5. Bxc4 e6 6. Nf3 Qd7 7. 0-0 b6 8. Qe2 Bb7 9. Rd1 Be7 10. a3 Nc6 11. Be3 0-0-0 12. Nc3 Nxc3 13. bxc3 Na5 14. Bb5 Qd5 15. Qf1 Kb8 16. Nd2 Bc6 17. a4 Rc8 18. Rab1 Bxb5 19. axb5 c5 20. dxc5 Bxc5 21. Nb3 Qxb3 22. Rxb3 Nxb3 23. Rd7 Rc7 24. Rxc7 Kxc7 25. Qd1 Bxe3 26. fxe3 Nc5 27. Qd6+ Kc8 28. Qe7 Rd8 29. h4 g6 30. Qxf7 Rd7 31. Qg8+ Kb7 32. c4 a5 33. bxa6+ Kxa6 34. Qa8+ Ra7 35. Qc6 Rf7 36. Kh2 Ka7 37. Kh3 Rd7 38. Kg4 Rf7 39. Qe8 Rd7 40. Kg5 Ka6 41. Qa8+ Ra7 42. Qc8+ Rb7 43. Qc6 Rf7 44. Kh6 Ka7 45. g4 Rd7 46. Qc8 Rf7 47. Qg8 Re7 48. h5 gxh5 49. gxh5 Rc7 50. Qxh7 Rxh7+ 51. Kxh7 Ne4 52. h6 1-0

[Event "Baltic Pearl IM 16th"]
[Site "Lazy"]
[Date "2020.06.29"]
[Round "2"]
[White "Kopylov, Daniel"]
[Black "Gazik, Igor"]
[Result "1-0"]
[WhiteElo "2348"]
[BlackElo "2232"]
[PlyCount "66"]
[EventDate "2020.06.28"]
[EventType "tourn"]
[EventRounds "9"]
[EventCountry "POL"]
[EventCategory "2"]
[SourceTitle "CBM 197 Extra"]
[Source "ChessBase"]
[SourceDate "2020.09.30"]
[SourceVersion "1"]
[SourceVersionDate "2020.09.30"]
[SourceQuality "1"]

1. e4 Nf6 2. e5 Nd5 3. d4 Nb6 4. c4 d6 5. exd6 exd6 6. Nc3 Nc6 7. Be3 Bf5 8. Nf3 Be7 9. Be2 0-0 10. 0-0 d5 11. c5 Nc4 12. Bxc4 dxc4 13. Qa4 Bg4 14. Qxc4 Bxf3 15. gxf3 Re8 16. Kg2 Bf6 17. Rad1 Qd7 18. Qd5 Qc8 19. Ne4 Bd8 20. Qh5 Ne7 21. Kh1 Ng6 22. Rg1 a5 23. Rg3 f5 24. Ng5 Bxg5 25. Qxg5 Qe6 26. h4 Rf8 27. h5 f4 28. Bxf4 Rf5 29. Qg4 Raf8 30. hxg6 h5 31. Qh3 Qd5 32. Be3 h4 33. Kg2 R8f6 1-0

[Event "SVK-chT 1920"]
[Site "Slovakia"]
[Date "2020.03.01"]
[Round "8.3"]
[White "Danada, Tomas"]
[Black "Gazik, Igor"]
[Result "1-0"]
[WhiteElo "2263"]
[BlackElo "2253"]
[PlyCount "81"]
[EventDate "2019.10.19"]
[EventType "team-tourn"]
[EventRounds "11"]
[EventCountry "SVK"]
[SourceTitle "CBM 195 Extra"]
[Source "ChessBase"]
[SourceDate "2020.05.31"]
[SourceVersion "1"]
[SourceVersionDate "2020.05.31"]
[SourceQuality "1"]
[WhiteTeam "Prakovce"]
[BlackTeam "Podhajska Aquamarin"]
[WhiteTeamCountry "SVK"]
[BlackTeamCountry "SVK"]

1. Nf3 Nf6 2. d4 g6 3. c4 Bg7 4. Nc3 0-0 5. e4 d6 6. h3 Nbd7 7. Be3 e5 8. d5 Nc5 9. Nd2 a5 10. g4 c6 11. Be2 Bd7 12. h4 a4 13. g5 Ne8 14. h5 Qa5 15. Rb1 Nc7 16. Kf1 cxd5 17. exd5 Bf5 18. Bxc5 Qxc5 19. Nde4 Qd4 20. Rh4 Kh8 21. h6 Bxh6 22. Rxh6 f6 23. Nxf6 Rxf6 24. gxf6 Bxb1 25. Qxd4 exd4 26. Nxb1 Rf8 27. Rh4 Rxf6 28. Rxd4 Na6 29. Kg2 Nc5 30. Kg3 g5 31. Nc3 Kg7 32. Ne4 Rh6 33. Nxc5 dxc5 34. Re4 Rb6 35. Bd1 Rxb2 36. Bxa4 Rxa2 37. d6 Rxa4 38. d7 Ra3+ 39. Re3 Ra8 40. Re8 Ra3+ 41. Kg2 1-0

[Event "Pokrzywna"]
[Site "Pokrzywna"]
[Date "2020.02.12"]
[Round "6"]
[White "Zylka, Stanislaw"]
[Black "Gazik, Igor"]
[Result "1-0"]
[WhiteElo "2362"]
[BlackElo "2256"]
[PlyCount "63"]
[EventDate "2020.02.09"]
[EventType "tourn"]
[EventRounds "9"]
[EventCountry "POL"]
[EventCategory "3"]
[SourceTitle "CBM 194 Extra"]
[Source "ChessBase"]
[SourceDate "2020.03.31"]
[SourceVersion "1"]
[SourceVersionDate "2020.03.31"]
[SourceQuality "1"]

1. d4 g6 2. e4 Bg7 3. Nc3 d6 4. Bg5 c5 5. dxc5 Qa5 6. Qd2 Qxc5 7. Nd5 Be6 8. Be3 Qc8 9. Bd4 f6 10. Be3 Nc6 11. h4 f5 12. exf5 Bxd5 13. Qxd5 Bxb2 14. Rb1 Bc3+ 15. Kd1 gxf5 16. Nf3 Nf6 17. Qb3 Na5 18. Qa4+ Kf7 19. Bd3 e5 20. h5 Rg8 21. Ng5+ Kf8 22. Qh4 f4 23. Bd2 h6 24. Nf3 Kf7 25. Bg6+ Kg7 26. g4 Bxd2 27. g5 Nd5 28. gxh6+ Kh8 29. Rb5 Rxg6 30. hxg6 Nc3+ 31. Kxd2 Ne4+ 32. Kc1 1-0

[Event "Pokrzywna"]
[Site "Pokrzywna"]
[Date "2020.02.11"]
[Round "5"]
[White "Gazik, Igor"]
[Black "Licznerski, Lukasz"]
[Result "0-1"]
[WhiteElo "2256"]
[BlackElo "2360"]
[PlyCount "104"]
[EventDate "2020.02.09"]
[EventType "tourn"]
[EventRounds "9"]
[EventCountry "POL"]
[EventCategory "3"]
[SourceTitle "CBM 194 Extra"]
[Source "ChessBase"]
[SourceDate "2020.03.31"]
[SourceVersion "1"]
[SourceVersionDate "2020.03.31"]
[SourceQuality "1"]

1. Nf3 Nf6 2. g3 g6 3. Bg2 Bg7 4. 0-0 d5 5. d3 0-0 6. Nbd2 c5 7. e4 Nc6 8. Re1 e6 9. c3 b6 10. Nf1 Ba6 11. e5 Nd7 12. Bf4 b5 13. a3 Qb6 14. b4 Rfc8 15. d4 cxd4 16. cxd4 Bb7 17. Qd2 a5 18. Ne3 axb4 19. axb4 Ra4 20. Nc2 Bf8 21. Rxa4 bxa4 22. Rb1 Na5 23. Bf1 Nb3 24. Qd1 Ba6 25. Bxa6 Qxa6 26. Na1 Nxa1 27. Rxa1 Nb6 28. Kg2 Bxb4 29. Bh6 Qa7 30. h4 Bc3 31. Ra2 a3 32. Bg5 Bb2 33. Qb3 Nc4 34. Qd3 Qa5 35. Qb3 Qb6 36. Qd1 Qb4 37. h5 Nb6 38. Qh1 Nd7 39. Qh3 Nf8 40. Be3 Qc4 41. Qh4 Qd3 42. Qe7 gxh5 43. Ng5 Qf5 44. Nh3 Qe4+ 45. Kh2 h4 46. gxh4 Ng6 47. Qg5 Qxh4 48. Qg1 h6 49. Qd1 Kh7 50. Qf3 Kg7 51. Qd1 Rc3 52. Qe2 Qxh3+ 0-1

[Event "St Petersburg Northwest Cup-B"]
[Site "St Petersburg"]
[Date "2019.12.17"]
[Round "9"]
[White "Suleymanyants, Odisey"]
[Black "Gazik, Igor"]
[Result "1/2-1/2"]
[WhiteElo "2275"]
[BlackElo "2256"]
[PlyCount "108"]
[EventDate "2019.12.09"]
[EventType "tourn"]
[EventRounds "9"]
[EventCountry "RUS"]
[EventCategory "4"]
[SourceTitle "CBM 193 Extra"]
[Source "ChessBase"]
[SourceDate "2020.01.31"]
[SourceVersion "1"]
[SourceVersionDate "2020.01.31"]
[SourceQuality "1"]

1. e4 c5 2. Nf3 d6 3. g3 Nc6 4. Bg2 g6 5. 0-0 Bg7 6. d3 e5 7. Nc3 Nge7 8. Nd5 Nxd5 9. exd5 Ne7 10. Nd2 0-0 11. a4 b6 12. a5 b5 13. a6 Qb6 14. b4 Bxa6 15. bxc5 dxc5 16. d6 Nc6 17. Ne4 Bb7 18. Be3 Nd4 19. c3 Ne6 20. Nxc5 Bxg2 21. Nxe6 Qxd6 22. Kxg2 Qxe6 23. Bxa7 Qc6+ 24. Qf3 e4 25. dxe4 Qxc3 26. Qxc3 Bxc3 27. Rac1 b4 28. Be3 Rac8 29. Rb1 Rfe8 30. f3 f5 31. Rfd1 fxe4 32. Rd7 Rcd8 33. Rxd8 exf3+ 34. Kxf3 Rxd8 35. Ke4 Kf7 36. Bc5 Ke6 37. Rb3 Bd2 38. g4 Rd5 39. Bd4 Rg5 40. h3 Rb5 41. Bg7 Rb7 42. Be5 Ra7 43. Rd3 Rd7 44. Rf3 Ra7 45. Rf6+ Ke7 46. Rb6 Ra3 47. h4 Re3+ 48. Kd5 Rd3+ 49. Ke4 Re3+ 50. Kd4 Rh3 51. Kd5 Rd3+ 52. Ke4 Re3+ 53. Kd4 Rh3 54. Kd5 Rd3+ 1/2-1/2

[Event "SVK-chT2B 1920"]
[Site "Slovakia"]
[Date "2019.11.16"]
[Round "3.1"]
[White "Balogh, Tomas"]
[Black "Gazik, Igor"]
[Result "1/2-1/2"]
[WhiteElo "2317"]
[BlackElo "2256"]
[PlyCount "84"]
[EventDate "2019.10.26"]
[EventType "team-tourn"]
[EventRounds "11"]
[EventCountry "SVK"]
[SourceTitle "CBM 193 Extra"]
[Source "ChessBase"]
[SourceDate "2020.01.31"]
[SourceVersion "1"]
[SourceVersionDate "2020.01.31"]
[SourceQuality "1"]
[WhiteTeam "Nove Zamky"]
[BlackTeam "Prievidza"]
[WhiteTeamCountry "SVK"]
[BlackTeamCountry "SVK"]

1. d4 Nf6 2. Nf3 d6 3. b3 g6 4. Bb2 Bg7 5. g3 c5 6. c4 Ne4 7. Nbd2 Qa5 8. Qc1 Nxd2 9. Qxd2 Qxd2+ 10. Kxd2 Nc6 11. e3 a5 12. Bc3 a4 13. d5 Bxc3+ 14. Kxc3 Bg4 15. Bg2 Bxf3 16. Bxf3 Ne5 17. Be2 Kd8 18. f4 Nd7 19. Bg4 Nf6 20. Bf3 Kc7 21. e4 e5 22. dxe6 fxe6 23. h4 Rhf8 24. Kd3 Ra6 25. Ke3 Rfa8 26. Rad1 Rb6 27. Rd3 axb3 28. axb3 Ra3 29. Bd1 Rb4 30. g4 b5 31. g5 Nxe4 32. Kxe4 bxc4 33. bxc4 Rxc4+ 34. Ke3 Rxd3+ 35. Kxd3 Rxf4 36. Ke3 e5 37. Bf3 Kd7 38. Bd5 Ke7 39. h5 Rf5 40. hxg6 hxg6 41. Rh7+ Ke8 42. Rh8+ Ke7 1/2-1/2

[Event "Graz op-A"]
[Site "Graz"]
[Date "2019.02.23"]
[Round "8"]
[White "Gazik, Igor"]
[Black "Perske, Thore"]
[Result "0-1"]
[WhiteElo "2249"]
[BlackElo "2451"]
[PlyCount "82"]
[EventDate "2019.02.17"]
[EventType "swiss"]
[EventRounds "9"]
[EventCountry "AUT"]
[SourceTitle "CBM 189 Extra"]
[Source "ChessBase"]
[SourceDate "2019.06.03"]
[SourceVersion "1"]
[SourceVersionDate "2019.06.03"]
[SourceQuality "1"]

1. e4 e6 2. d4 d5 3. exd5 exd5 4. Nf3 Nc6 5. h3 Bd6 6. Bd3 Nge7 7. 0-0 Nb4 8. Be2 0-0 9. c3 Nbc6 10. Bd3 Bf5 11. Bxf5 Nxf5 12. Qd3 Qd7 13. Nbd2 Rfe8 14. Nb3 a5 15. a4 h6 16. Bd2 Re4 17. Rfe1 Rae8 18. Qb5 b6 19. Kf1 Bf8 20. Rad1 Nd6 21. Qd3 Nc4 22. Rxe4 Nxb2 23. Qb5 dxe4 24. Rb1 exf3 25. Rxb2 fxg2+ 26. Kxg2 Bd6 27. d5 Ne5 28. Qxd7 Nxd7 29. Be3 Ne5 30. Nd2 Nd3 31. Ra2 Re5 32. c4 Bc5 33. Nf3 Re4 34. Rd2 Bxe3 35. fxe3 Rxe3 36. Nd4 Nc5 37. Nb5 Re7 38. d6 cxd6 39. Rxd6 Nxa4 40. Nd4 g6 41. Nc6 Rc7 0-1

[Event "SVK-chT1W 1819"]
[Site "Slovakia"]
[Date "2019.02.02"]
[Round "7.2"]
[White "Gazik, Igor"]
[Black "Vojtek, Vladimir"]
[Result "0-1"]
[WhiteElo "2240"]
[BlackElo "2282"]
[PlyCount "61"]
[EventDate "2018.10.27"]
[EventType "team-tourn"]
[EventRounds "11"]
[EventCountry "SVK"]
[SourceTitle "CBM 188 Extra"]
[Source "ChessBase"]
[SourceDate "2019.02.26"]
[SourceVersion "1"]
[SourceVersionDate "2019.02.26"]
[SourceQuality "1"]
[WhiteTeam "Nitra ASK"]
[BlackTeam "Dubnica nad Vahom II"]
[WhiteTeamCountry "SVK"]
[BlackTeamCountry "SVK"]

1. e4 c5 2. Nc3 Nc6 3. f4 e6 4. Nf3 d5 5. Bb5 Nge7 6. exd5 Nxd5 7. Ne5 Bd7 8. Bxc6 Bxc6 9. Nxc6 bxc6 10. 0-0 Qc7 11. f5 0-0-0 12. fxe6 Ne3 13. dxe3 Rxd1 14. Rxd1 Bd6 15. h3 f5 16. Rd3 Re8 17. Bd2 Rxe6 18. Rf1 g6 19. b3 Qe7 20. Ne2 Re4 21. c4 h5 22. Rd1 Bc7 23. Nc3 Qe5 24. Kf1 Qh2 25. Ne2 g5 26. Be1 h4 27. Bf2 g4 28. Ng1 Re8 29. Bxh4 gxh3 30. Nxh3 Rg8 31. Bg5 0-1

[Event "SVK-chT1W 1819"]
[Site "Slovakia"]
[Date "2019.01.12"]
[Round "5.4"]
[White "Gazik, Igor"]
[Black "Skreno, Vladimir"]
[Result "1/2-1/2"]
[WhiteElo "2240"]
[BlackElo "2153"]
[PlyCount "91"]
[EventDate "2018.10.27"]
[EventType "team-tourn"]
[EventRounds "11"]
[EventCountry "SVK"]
[SourceTitle "CBM 188 Extra"]
[Source "ChessBase"]
[SourceDate "2019.02.26"]
[SourceVersion "1"]
[SourceVersionDate "2019.02.26"]
[SourceQuality "1"]
[WhiteTeam "Nitra ASK"]
[BlackTeam "Nitra NSK"]
[WhiteTeamCountry "SVK"]
[BlackTeamCountry "SVK"]

1. e4 c5 2. Nf3 Nc6 3. Nc3 g6 4. d4 cxd4 5. Nxd4 Bg7 6. Nde2 Nf6 7. g3 d6 8. Bg2 0-0 9. 0-0 Bg4 10. h3 Bxe2 11. Qxe2 Rc8 12. Rd1 Nd7 13. a4 Nd4 14. Qd2 a6 15. Kh1 b5 16. axb5 axb5 17. Ra7 Nb6 18. Qd3 b4 19. Ne2 Nxc2 20. Bg5 Rc7 21. Rxc7 Qxc7 22. Rc1 Rc8 23. Bxe7 Qxe7 24. Rxc2 Rxc2 25. Qxc2 Qe5 26. b3 Qc5 27. Qxc5 dxc5 28. Nc1 c4 29. bxc4 Nxc4 30. Nb3 Bc3 31. Bf1 Nd2 32. Nxd2 Bxd2 33. Bc4 g5 34. Kg2 Kg7 35. Kf3 Kf6 36. Ke2 Bc1 37. Kd1 Bb2 38. f4 h6 39. Ke2 Bc1 40. Kf3 h5 41. e5+ Kg6 42. Ke4 h4 43. f5+ Kg7 44. g4 f6 45. Kd5 fxe5 46. Kxe5 1/2-1/2

[Event "Veliko Gradiste Silver Lake op"]
[Site "Veliko Gradiste"]
[Date "2018.06.23"]
[Round "8"]
[White "Gazik, Igor"]
[Black "Saksham, Rautela"]
[Result "0-1"]
[WhiteElo "2236"]
[BlackElo "1979"]
[PlyCount "92"]
[EventDate "2018.06.17"]
[EventType "swiss"]
[EventRounds "9"]
[EventCountry "SRB"]
[SourceTitle "CBM 185 Extra"]
[Source "ChessBase"]
[SourceDate "2018.07.29"]
[SourceVersion "1"]
[SourceVersionDate "2018.07.29"]
[SourceQuality "1"]

1. e4 e5 2. Nf3 Nc6 3. Bb5 g6 4. c3 a6 5. Ba4 Nge7 6. d4 exd4 7. cxd4 b5 8. Bb3 Bg7 9. 0-0 0-0 10. Nc3 d6 11. h3 Na5 12. Bc2 c5 13. dxc5 dxc5 14. Qxd8 Rxd8 15. Bg5 Nac6 16. Rad1 Be6 17. a4 h6 18. axb5 axb5 19. Rxd8+ Rxd8 20. Be3 b4 21. Na4 b3 22. Bd1 c4 23. Be2 Nb4 24. Nc5 Nd3 25. Nxe6 fxe6 26. Nd2 Rc8 27. Nxc4 Rxc4 28. Bxd3 Rb4 29. Bc5 Rb7 30. Ba3 Bd4 31. Rd1 e5 32. Ba6 Ra7 33. Bc4+ Kg7 34. Bxb3 Rb7 35. Ba2 g5 36. Rd2 h5 37. Kf1 Ng6 38. Bd5 Ra7 39. g3 h4 40. Kg2 hxg3 41. fxg3 Ne7 42. Kf3 Kf6 43. Kg4 Ra4 44. Bxe7+ Kxe7 45. Kxg5 Ra1 46. h4 Be3+ 0-1

[Event "Veliko Gradiste Silver Lake op"]
[Site "Veliko Gradiste"]
[Date "2018.06.22"]
[Round "7"]
[White "Marjanovic, Annamaria"]
[Black "Gazik, Igor"]
[Result "1-0"]
[WhiteElo "2343"]
[BlackElo "2236"]
[PlyCount "71"]
[EventDate "2018.06.17"]
[EventType "swiss"]
[EventRounds "9"]
[EventCountry "SRB"]
[SourceTitle "CBM 185 Extra"]
[Source "ChessBase"]
[SourceDate "2018.07.29"]
[SourceVersion "1"]
[SourceVersionDate "2018.07.29"]
[SourceQuality "1"]

1. c4 e5 2. g3 d6 3. Bg2 g6 4. Nc3 Bg7 5. d3 f5 6. Rb1 Nf6 7. b4 0-0 8. Nf3 c6 9. Qb3 e4 10. dxe4 fxe4 11. Ng5 e3 12. Bxe3 Ng4 13. Bf4 Nxf2 14. c5+ Kh8 15. 0-0 Ng4 16. h3 Nh6 17. cxd6 Qe8 18. e4 Nf7 19. Nxf7+ Rxf7 20. Rbd1 Be6 21. Qc2 Nd7 22. Ne2 Ne5 23. Nd4 Bd7 24. Kh2 a5 25. a3 b5 26. Bxe5 Bxe5 27. Rxf7 Qxf7 28. Nxc6 Bg7 29. Nxa5 Rc8 30. Qe2 Rc3 31. Rd3 Rc1 32. Nb3 Rb1 33. Nc5 h5 34. Rf3 Qe8 35. Qa2 Rd1 36. Rd3 1-0

[Event "Veliko Gradiste Silver Lake op"]
[Site "Veliko Gradiste"]
[Date "2018.06.17"]
[Round "1"]
[White "Gazik, Viktor"]
[Black "Gazik, Igor"]
[Result "1-0"]
[WhiteElo "2490"]
[BlackElo "2236"]
[PlyCount "45"]
[EventDate "2018.06.17"]
[EventType "swiss"]
[EventRounds "9"]
[EventCountry "SRB"]
[SourceTitle "CBM 185 Extra"]
[Source "ChessBase"]
[SourceDate "2018.07.29"]
[SourceVersion "1"]
[SourceVersionDate "2018.07.29"]
[SourceQuality "1"]

1. e4 e5 2. Nf3 Nc6 3. Bc4 Bc5 4. c3 Nf6 5. d3 d6 6. 0-0 Bg4 7. Nbd2 Qd7 8. b4 Bb6 9. Bb3 h6 10. Nc4 g5 11. a4 Bh5 12. a5 g4 13. Nfxe5 Nxe5 14. axb6 Nf3+ 15. Kh1 Nxh2 16. bxc7 g3 17. f3 Qxc7 18. Bf4 Rg8 19. e5 Nxf1 20. exf6 Nh2 21. Qe2+ Kd8 22. Bxd6 Qd7 23. Be7+ 1-0

[Event "SVK-chT 1718"]
[Site "Slovakia"]
[Date "2018.03.02"]
[Round "9.3"]
[White "Gazik, Igor"]
[Black "Turcan, Richard"]
[Result "0-1"]
[WhiteElo "2260"]
[BlackElo "1987"]
[PlyCount "124"]
[EventDate "2017.09.30"]
[EventType "team-tourn"]
[EventRounds "11"]
[EventCountry "SVK"]
[SourceTitle "EXT 2019"]
[Source "ChessBase"]
[SourceDate "2018.10.10"]
[SourceVersion "1"]
[SourceVersionDate "2018.10.10"]
[SourceQuality "1"]
[WhiteTeam "Podhajska Aquamarin"]
[BlackTeam "Banska Bystrica Junior"]
[WhiteTeamCountry "SVK"]
[BlackTeamCountry "SVK"]

1. e4 c5 2. Nc3 Nc6 3. g3 g6 4. Bg2 Bg7 5. d3 d6 6. Be3 f5 7. exf5 Bxf5 8. g4 Bd7 9. h3 Nd4 10. Qd2 Qb6 11. 0-0-0 Bc6 12. f4 Nf6 13. Re1 0-0 14. Rh2 Kh8 15. Nd1 Rae8 16. c3 Bxg2 17. Rxg2 Nc6 18. f5 Ne5 19. Nf2 Qc6 20. Rg3 e6 21. Bh6 exf5 22. gxf5 Bxh6 23. Qxh6 Nf7 24. Qd2 Rxe1+ 25. Qxe1 Re8 26. Qd2 gxf5 27. Nf3 Rg8 28. Ng5 Nxg5 29. Rxg5 Qf3 30. Rxg8+ Kxg8 31. b3 f4 32. d4 cxd4 33. Qxd4 Qe3+ 34. Qxe3 fxe3 35. Nd3 Ne4 36. Kc2 Nf2 37. Nf4 Kg7 38. h4 b5 39. c4 bxc4 40. bxc4 Kf7 41. a4 Ne4 42. Kd3 Nc5+ 43. Kxe3 Nxa4 44. Kd4 a5 45. Kd5 Nb6+ 46. Kxd6 a4 47. Ne2 a3 48. Nc3 Nxc4+ 49. Kc5 Ne3 50. Na2 Kg6 51. Kb4 Kh5 52. Kxa3 Kxh4 53. Nc3 h5 54. Ne4 Kh3 55. Kb3 h4 56. Kc3 Kg2 57. Kd3 Ng4 58. Ng5 Ne5+ 59. Ke3 Nf7 60. Nf3 h3 61. Nh4+ Kg3 62. Nf5+ Kg4 0-1